| 000 | 00713 a2200205 4500 | ||
|---|---|---|---|
| 010 | _aENG-89278 | ||
| 020 |
_a81773527672 _c40.00 |
||
| 035 | _aEN-72811 | ||
| 037 | _bDBAD / PUB | ||
| 082 | 1 | 4 | _a954.31 |
| 090 |
_c10686 _d10686 |
||
| 100 | 1 | _aRengaraju, G. | |
| 245 | 1 |
_aColonical design and Dravidian awakening in Tamil Nadu / _cby G. Rengaraju |
|
| 260 |
_aChennai _bPavai Publications _c2006 |
||
| 270 |
_a142, Jani Jan Khan Road, Royapettah, _bChennai _e660 014 |
||
| 300 |
_axvii, 101p. _c21cm (Pbk) |
||
| 500 | _aIncludes bibliographical references and index | ||
| 942 |
_adpl _cEN _k954.31 / REN |
||
| 999 |
_c10391 _d10391 |
||